Transferové ceny ako nástroj eliminácie vyplácania podielov na zisku minoritným spoločníkom

Ekonomické, personálne a iné prepojenie zakladajúce vznik vzťahu závislých osôb v obchodných spoločnostiach. Vplyv transferových cien na výsledky hospodárenia závislých osôb. Presun výsledku hospodárenia medzi závislými osobami prostredníctvom účelovo nastavených transferových cien. Možnosť účelovým...

Description complète

Enregistré dans:
Détails bibliographiques
Auteur principal: Seneši, Norbert
Format: Chapitre de livre
Langue:slovaque
Sujets:
Tags: Ajouter un tag
Pas de tags, Soyez le premier à ajouter un tag!

MARC

LEADER 00000nla a2200000 4500
001 0209482
005 20240502073500.4
041 0 |a slo 
044 |a SK 
245 1 0 |a Transferové ceny ako nástroj eliminácie vyplácania podielov na zisku minoritným spoločníkom  |c Norbert Seneši 
520 |a Ekonomické, personálne a iné prepojenie zakladajúce vznik vzťahu závislých osôb v obchodných spoločnostiach. Vplyv transferových cien na výsledky hospodárenia závislých osôb. Presun výsledku hospodárenia medzi závislými osobami prostredníctvom účelovo nastavených transferových cien. Možnosť účelovým nastavením transferových cien obmedziť vyplácanie podielov na zisku minoritným spoločníkom. 
610 2 0 |a ceny transferové 
610 2 0 |a výsledok hospodársky 
610 2 0 |a jednotka účtovná 
610 2 0 |a podiely na zisku 
610 2 0 |a spoločníci 
100 1 |a Seneši, Norbert